00753nam a2200217 a 4500008004100000020001500041050001500056100001700071245002700088246006900115260004100184300001600225350000900241500009200250650003100342650004300373650001500416650003600431650004200467700002600509120416s1992 ||||||||||||||||| || u a0201523949 aJK 469 Osb aGaebler, Ted10aReinventing government ahow the enterpreneurial spirit is transforming the public sector aReading, Mass.bAddison-Wesleyc1992 axxii, 405p. a0.00 a'A William Patrick book.' -Includes bibliographical references (p. [361]392) and index. aBUREAUCRACY--UNITED STATES aGovernment productivity--United States aGOVERNMENT 0aENTREPRENEURSHIP--UNITED STATES aADMINSTRATIVE AGENCIES--UNITED STATES aOsborne, David, 1951-